00258 a2200109 4500001000700000020000600007040001100013100004400024240003800068245003300106362000900139170272 a  cMagnum aColegio Magnum Agostiniano - 2ยช Series10aProjeto cientifico de ingleslpor10aProjeto cientifico de ingles0 a1899